Estudios sobre derecho individual de trabajo (Registro nro. 7573)

Detalles MARC
000 -LEADER
fixed length control field 00732 a2200241 4500
001 - CONTROL NUMBER
control field 62130
005 - DATE AND TIME OF LATEST TRANSACTION
control field 20260407155915.0
008 - FIXED-LENGTH DATA ELEMENTS--GENERAL INFORMATION
fixed length control field 260407a1979 arg spa d
003 - CONTROL NUMBER IDENTIFIER
control field AR-UNSa-BCEJYS
040 ## - CATALOGING SOURCE
Original cataloging agency AR-UNSa-BCEJYS
Language of cataloging spa
Transcribing agency AR-UNSa-BCEJYS
080 ## - UNIVERSAL DECIMAL CLASSIFICATION NUMBER
Universal Decimal Classification number 349.2
Common auxiliary subdivision Derecho del Trabajo
041 ## - LANGUAGE CODE
Language code of text/sound track or separate title spa
100 1# - MAIN ENTRY--PERSONAL NAME
Personal name Almansa Pastor, José Manuel
245 10 - TITLE STATEMENT
Title Estudios sobre derecho individual de trabajo
Name of part/section of a work En homenaje al Prof. Mario L. Deveali
264 #1 - PRODUCTION, PUBLICATION, DISTRIBUTION, MANUFACTURE, AND COPYRIGHT NOTICE
Place of production, publication, distribution, manufacture Buenos Aires :
Name of producer, publisher, distributor, manufacturer Heliasta
Date of production, publication, distribution, manufacture, or copyright notice 1979
300 ## - PHYSICAL DESCRIPTION
Extent 891 p.
Dimensions 23 cm.
590 ## - LOCAL NOTE (RLIN)
Local note niveau_biblio:m niveau_hierar:0
700 1# - ADDED ENTRY--PERSONAL NAME
Personal name Alonso Olea, Manuel
700 1# - ADDED ENTRY--PERSONAL NAME
Personal name Altamira Gigena, Raúl Enrique
700 1# - ADDED ENTRY--PERSONAL NAME
Personal name Angulo, Jorge M.
700 1# - ADDED ENTRY--PERSONAL NAME
Personal name Ardau, Giorgio
942 ## - ADDED ENTRY ELEMENTS (KOHA)
Koha item type
Existencias
Withdrawn status Lost status Damaged status Not for loan Home library Current library Shelving location Date acquired Total checkouts Full call number Barcode Date last seen Price effective from Koha item type
        Biblioteca Prof. Eusebio Cleto del Rey Biblioteca Prof. Eusebio Cleto del Rey   07/04/2026   349.2 E82 L28492 07/04/2026 07/04/2026 Libro
        Biblioteca Prof. Eusebio Cleto del Rey Biblioteca Prof. Eusebio Cleto del Rey   07/04/2026   349.2 E82 L28493 07/04/2026 07/04/2026 Libro